|
|
|
|
| LEADER |
01266nam a22003134a 4500 |
| 001 |
27631 |
| 003 |
BD-DhAAL |
| 005 |
20150208121135.0 |
| 008 |
130930r20122006njua b 001 0 eng |
| 010 |
|
|
|a 2002191031
|
| 020 |
|
|
|a 9788126510993
|
| 020 |
|
|
|a 0471079359 (cloth)
|
| 040 |
|
|
|a DLC
|c DLC
|d DLC
|d BD-DhAAL
|
| 050 |
0 |
0 |
|a T174.7
|b .P66 2003
|
| 082 |
0 |
0 |
|a 620/.5
|2 21
|
| 999 |
|
|
|c 14039
|d 14039
|
| 999 |
|
|
|c 14039
|
| 100 |
1 |
|
|a Poole, Charles P.
|9 3337
|
| 245 |
1 |
0 |
|a Introduction to nanotechnology /
|c Charles P. Poole, Jr., Frank J. Owens.
|
| 260 |
|
|
|a Hoboken, NJ :
|b J. Wiley,
|c c2006. [Reprinted 2012]
|
| 300 |
|
|
|a xii, 388 p. :
|b ill. ;
|c 22 cm.
|
| 500 |
|
|
|a "A Wiley-Interscience publication."
|
| 504 |
|
|
|a Includes bibliographical references and index.
|
| 541 |
|
|
|e 27631, 27632
|
| 650 |
|
0 |
|a Nanotechnology.
|9 3338
|
| 700 |
1 |
|
|a Owens, Frank J.
|9 3339
|
| 942 |
|
|
|2 ddc
|c BK
|
| 952 |
|
|
|0 0
|1 0
|2 ddc
|4 0
|6 620_500000000000000_POO
|7 0
|9 23538
|a BRACUL
|b BRACUL
|c GEN
|d 2013-09-30
|e Trim Education
|g 830.00
|l 2
|m 23
|o 620.5 POO
|p 3010027631
|r 2022-06-20
|s 2022-06-13
|t 1
|w 2013-09-30
|y BK
|
| 952 |
|
|
|0 0
|1 0
|2 ddc
|4 0
|6 620_500000000000000_POO
|7 0
|9 23539
|a BRACUL
|b BRACUL
|c GEN
|d 2013-09-30
|e Trim Education
|g 830.00
|l 3
|m 26
|o 620.5 POO
|p 3010027632
|r 2022-07-04
|s 2022-06-16
|t 2
|w 2013-09-30
|y BK
|